<?xml version="1.0" encoding="UTF-8"?>
<record
    xmlns:xsi="http://www.w3.org/2001/XMLSchema-instance"
    xsi:schemaLocation="http://www.loc.gov/MARC21/slim http://www.loc.gov/standards/marcxml/schema/MARC21slim.xsd"
    xmlns="http://www.loc.gov/MARC21/slim">

  <leader>01196nam a2200277 a 4500</leader>
  <controlfield tag="001">BRCA_8782</controlfield>
  <controlfield tag="005">20190320210417.0</controlfield>
  <controlfield tag="008">050417s1730----sp-#######---#000-0#spa-#</controlfield>
  <datafield tag="041" ind1=" " ind2=" ">
    <subfield code="a">spa</subfield>
  </datafield>
  <datafield tag="044" ind1=" " ind2=" ">
    <subfield code="a">sp</subfield>
  </datafield>
  <datafield tag="084" ind1=" " ind2=" ">
    <subfield code="a">BE156</subfield>
    <subfield code="b">.M37 1730</subfield>
  </datafield>
  <datafield tag="100" ind1="1" ind2=" ">
    <subfield code="a">Masillon, Juan Bautista</subfield>
    <subfield code="9">21887</subfield>
  </datafield>
  <datafield tag="245" ind1="1" ind2="0">
    <subfield code="a">Sermones sobre diferentes evangelios de quaresma, y acerca de diversos assumptos de la moral christiana</subfield>
    <subfield code="c">por el ilustrissimo, y Rmo. Se&#xF1;or Don Juan Bautista Masillon. Obispo de Clermont de la Douve, en Francia.</subfield>
  </datafield>
  <datafield tag="260" ind1=" " ind2=" ">
    <subfield code="a">Madrid</subfield>
    <subfield code="b">En la Imprenta de Bernardo Peralta, vive en calle del Horno de la Mata</subfield>
    <subfield code="c">1730</subfield>
  </datafield>
  <datafield tag="300" ind1=" " ind2=" ">
    <subfield code="a">[22], 343 p. (t.3)</subfield>
    <subfield code="c">20.5 x 15 cm.</subfield>
  </datafield>
  <datafield tag="500" ind1=" " ind2=" ">
    <subfield code="a">Con privilegio</subfield>
  </datafield>
  <datafield tag="500" ind1=" " ind2=" ">
    <subfield code="a">Traducidos ahora en castellano</subfield>
  </datafield>
  <datafield tag="500" ind1=" " ind2=" ">
    <subfield code="a">En portada: Dedicado al excelentissimo se&#xF1;or Don Thomas de Idi&#xE1;quez, Capit&#xE1;n General de las Costa, y Exercitos de Andalucia</subfield>
  </datafield>
  <datafield tag="500" ind1=" " ind2=" ">
    <subfield code="a">Estado f&#xED;sico: presenta encuadernaci&#xF3;n en pergamino, con lomo desprendido y algunas hojas manchadas</subfield>
  </datafield>
  <datafield tag="650" ind1="1" ind2="4">
    <subfield code="a">Sermones</subfield>
    <subfield code="9">21350</subfield>
  </datafield>
  <datafield tag="650" ind1="1" ind2="4">
    <subfield code="a">Cuaresma</subfield>
    <subfield code="9">21672</subfield>
  </datafield>
  <datafield tag="700" ind1="1" ind2=" ">
    <subfield code="a">peralta, Bernardo</subfield>
    <subfield code="e">Impresor</subfield>
    <subfield code="9">21888</subfield>
  </datafield>
  <datafield tag="700" ind1="1" ind2=" ">
    <subfield code="a">Idi&#xE1;quez, Thomas de</subfield>
    <subfield code="9">21889</subfield>
  </datafield>
  <datafield tag="902" ind1=" " ind2=" ">
    <subfield code="a">CFM</subfield>
  </datafield>
  <datafield tag="942" ind1=" " ind2=" ">
    <subfield code="2">lcc</subfield>
    <subfield code="c">B</subfield>
  </datafield>
  <datafield tag="999" ind1=" " ind2=" ">
    <subfield code="c">8433</subfield>
    <subfield code="d">8433</subfield>
  </datafield>
  <datafield tag="952" ind1=" " ind2=" ">
    <subfield code="0">0</subfield>
    <subfield code="1">0</subfield>
    <subfield code="4">0</subfield>
    <subfield code="7">0</subfield>
    <subfield code="a">BRCA</subfield>
    <subfield code="b">BRCA</subfield>
    <subfield code="d">2017-04-05</subfield>
    <subfield code="l">0</subfield>
    <subfield code="o">BE156 .M37 1730</subfield>
    <subfield code="p">CFM00109</subfield>
    <subfield code="r">2019-03-22 00:00:00</subfield>
    <subfield code="w">2019-03-22</subfield>
    <subfield code="y">B</subfield>
  </datafield>
</record>
